000 00510nam a2200193Ia 4500
003 OSt
005 20240123142109.0
008 210210b1927 xxu||||| |||| 00| 0 eng d
040 _cAL
041 _aeng
082 _a545.2 CAVQ
100 _aCAVEN (R M)
_9148899
245 _aQuantitative chemical analysis and inorganic preparations part 2
260 _aLondon
_bBlackie and Son Limited
_c1927
300 _aviii,210
690 _aQuantitative Chemistry
_9148900
906 _a009896
942 _2ddc
_cBK
999 _c140629
_d140629